00540 a2200169 450000100060000002000180000604000220002410000360004624000510008224500460013330000080017936200090018765000420019694200070023895201080024599900170035363959 a9788524903228 cAnchieta - Pituba aFazenda, Ivani Catarina Arantes10aPráticas interdisciplinares na escola lpor10aPráticas interdisciplinares na escola  a1470 a1999 4aProfessores e atividades relacionadas cBK 00104070a91.1b91.1d2023-11-21l0o371.1 P912p PRAp17563/PITr2023-11-21 18:32:23w2023-11-21yBK c63959d63959